|
|
|
|
| LEADER |
00920pam a22002418a 4500 |
| 001 |
00024940 |
| 005 |
20171026081025.0 |
| 008 |
110726s2002 ||||||viesd |
| 020 |
|
|
|c 7200
|
| 041 |
0 |
# |
|a vie
|
| 082 |
1 |
4 |
|b T103L
|a 324.259 707 1
|
| 110 |
1 |
# |
|a Ban tư tưởng - Văn hóa trung ương
|
| 245 |
0 |
0 |
|a Tài liệu tham khảo phục vụ nghiên cứu, học tập các nghị quyết hội nghị lần thứ năm ban chấp hành trung ương Đảng khóa IX
|
| 260 |
# |
# |
|a H.
|b Chính trị Quốc gia
|c 2002
|
| 300 |
# |
# |
|a 241tr.
|c 19 cm.
|
| 650 |
# |
4 |
|a Hội nghị
|
| 650 |
# |
4 |
|a Tài liệu tham khảo
|
| 650 |
# |
4 |
|a Đại hội khóa 9
|
| 650 |
# |
4 |
|a Đảng Cộng sản Việt Nam
|
| 852 |
# |
# |
|b Kho đọc
|j KD.0010201
|
| 852 |
# |
# |
|j KD.0010201
|
| 910 |
|
|
|d 26/07/2011
|
| 980 |
# |
# |
|a Trung tâm Học liệu Lê Vũ Hùng, Trường Đại học Đồng Tháp
|